LEADER 01753nam a2200409 a 4500 001 000000028313 003 CaOOAMICUS 005 20131204144149.0 008 960618s1995 it u000 u ita r 020 $a8818701185 035 $a10734161 040 $aMSA$bita$dPUL(R) 041 1 $aita$agrc$hgrc 100 0 $aAristoteles,$d384-322 a.C.$0(OLS)http://pul/name/792 240 10$aPoetica.$lItaliano e greco.$0(OLS)http://pul/title/163573 245 10$aPoetica /$cAristotele ; saggio introduttivo, traduzione, note e sommari analitici di Domenico Pesce ; revisione del testo, aggiornamento bibliografico, parole chiave e indici di Giuseppe Girgenti. 260 $aMilano :$bRusconi,$c1995. 300 $a212 p. ;$c21 cm 490 1 $aTesti a fronte ;$v26 500 $aTesto greco a fronte. 504 $aBibliografia: p. [203]-210. 700 1 $aGirgenti, Giuseppe.$0(OLS)http://pul/name/14005 700 1 $aPesce, Domenico,$d1913-$0(OLS)http://pul/name/139 830 0$aTesti a fronte ;$v26.$0(OLS)http://pul/title/7181 850 $aPUL 852 $aPUL$W1$xSL Filosofia 2$y80$mPhil A2 26$j39327$n $b $qStampati altre collocazioni$B39327$CPULBib$Z2$F39327 $H $81 852 $aPUL$W1$xDP1 Fondo E. Rossi$y115$m2 G 10$j157447$a2. copia$qFondi$B156917$CPULBib$Z2$F156917 $82 900 $aAristotle,$d 384-322 a.C.$9792 900 $aAristotele,$d384-322 a.C.$9792 941 1 $a10 941 1 $a1 961 $aINV: 77966 961 $aSul dorso collocazione ms. di E. Rossi: CL 6 3 996 $6020$a8818701185$9(OLS)http://pul/number/35149 996 $6245$aPoetica$9(OLS)http://pul/title/1835 996 $6260$aMilano :$bRusconi$9(OLS)http://pul/publisher/47863 LEADER 01609nam a2200361 u 4500 001 000000050827 003 CaOOAMICUS 005 20070226115252.0 008 000901s1966 fr u000 u fre u 035 $a10854354 040 $aPUL(R)$bita 041 0 $afre$alat 100 1 $aJounel, Pierre.$0(OLS)http://pul/name/11384 245 13$aLa concélébration :$bla concélebration de la messe, la communion sous les deux Espèces /$cPierre Jounel. 260 $aParis :$bDesclée,$cc1966. 300 $a248 p. ;$c17 cm 490 1 $aPremières étapes de la réforme liturgique ;$v3 500 $aComprende indici. 500 $aSul front.: Centre de pastorale liturgique. 500 $aIn cop.: Textes français, commentaire. 500 $aCopia autografata dall'A. 504 $aBibliografia in nota. 650 4$aLiturgia.$0(OLS)http://pul/subject/2437 650 4$aMessa$xConcelebrazione.$0(OLS)http://pul/subject/826 830 0$aPremières étapes de la réforme liturgique ;$v3.$0(OLS)http://pul/title/68382 850 $aPUL 852 $aPUL$W1$xDP1 Fondo Maccarrone$y58$m1523 C 19$j67385$nBK-PRI$b $qFondi$B67385$CPULBib$Z2$F67385 $H $81 852 $aPUL$W1$xSL Religione 1$y3$m68 C 23$j67386$nBK-PRI$b $qStampati$B67386$CPULBib$Z2$F67386 $H $81 941 1 $a8 941 1 $a1 961 $aINV: 29919 996 $6245$aLa concélébration :$bla concélebration de la messe, la communion sous les deux Espèces$9(OLS)http://pul/title/68381 996 $6260$aParis :$bDesclée$9(OLS)http://pul/publisher/54080